000 01001nam a22003137a 4500
003 CHAP
005 20220329134717.0
008 971013s1983 r 00010 d
010 _a24608
011 _a25580
035 _a29680
040 _cCHAP
082 _a530
_bH34Y 1978
100 0 0 _aHalliday, David.
_952366
245 _aFísica combinada
260 _aMéxico, D.F. :
_bCECSA,
_c1983
300 _a1224 p.
_b: ilus. ; gráfs.
500 _aTrad. de la 3 ed. en inglés de 1978
590 _aBATCH-UPD
_b10
_c20130110
_lUCH01
_h1405
590 _aBATCH-UPD
_b10
_c20130410
_lUCH01
_h0854
590 _aBATCH-UPD
_b10
_c20130914
_lUCH01
_h1421
590 _aCONVERSION
_b10
_c20130109
_lUCH01
_h1314
650 1 4 _aFísica.
_941975
700 0 _aResnick, Robert.
_996126
901 _aBK
942 _cLIBRO
949 _a530 H34Y 1978
_bBC
_cLIBRO
_d33724000904322
_eLIBRO
_gI.124647
_h63802
_i29680
_so
949 _a530 H34Y 1978
_bBC
_cLIBRO
_d33724000942132
_eLIBRO
_fc.2
_gI.124648
_h63803
_i29680
_si
999 _c24608
_d24608